| 000 | 00638cab a2200217 4500 | ||
|---|---|---|---|
| 001 | ABS41294 | ||
| 008 | 090401t1989 xxu||||| |||| 00| 0 eng d | ||
| 035 | _a(Sirsi) u29416 | ||
| 041 | _aeng | ||
| 100 | _aRoberts, J. | ||
| 245 | _aProperty management | ||
| 260 | _c1989 | ||
| 350 | _a0 | ||
| 490 |
_aEstates Times _v(1007) 11 August 1989, 9-21(12) |
||
| 520 | _aAn Estates Times survey on property management , which is becoming a multifaceted and remunerative business for surveyors. | ||
| 650 | _aBUSINESS CENTRES | ||
| 650 | _aSERVICED OFFICES | ||
| 690 | _aPROPERTY LAW AND PRACTICE | ||
| 942 | _n0 | ||
| 948 | _c04/03/1997 | ||
| 999 |
_c19815 _d19815 |
||